Požíváme AutoCAD Release 10 a Release 11

Uložené v:
Podrobná bibliografia
Hlavný autor: Zikeš, Jiří
Médium: Kniha
Jazyk:Czech
Vydavateľské údaje: České Budějovice KOPP 1992
Vydanie:1. vyd.
Predmet:
Tagy: Pridať tag
Žiadne tagy, Buďte prvý, kto otaguje tento záznam!

MARC

LEADER 00000nam a2200000 4500
001 c001111
005 20221214091855.7
020 |a 80-901051-4-9 
041 0 |a cze 
044 |a CZ 
245 1 0 |a Požíváme AutoCAD Release 10 a Release 11  |c Jiří Zikeš 
250 |a 1. vyd. 
264 1 |a České Budějovice  |b KOPP  |c 1992 
300 |a 214 s. 
610 2 0 |a CAD 
610 2 0 |a AutoCAD 
610 2 0 |a Release 10 
610 2 0 |a AutoCAD Release 11 
100 1 |a Zikeš, Jiří